000 00282nam a2200121Ia 4500
008 190902s9999||||xx |||||||||||||| ||und||
020 _a0074-71-330-2
100 _aDarrel Bristow
245 0 _aI Moved Your Cheese
260 _aUK
_bPrentice Hall
_c2002
300 _a96
942 _cBK
999 _c2946
_d2946